| 000 | 00969cam a22002651i 4500 | ||
|---|---|---|---|
| 003 | SA-RiAUC | ||
| 005 | 20241118142517.0 | ||
| 008 | 241031s1992 ua g 00000 ara c | ||
| 040 |
_aSA-JeALM _bara _cSA-RiAUC _erda |
||
| 082 | 0 | 4 | _a240 |
| 090 |
_a240 _bج و ه |
||
| 100 | 1 |
_aالجوهري، علي _eمؤلف. |
|
| 245 | 1 | 2 |
_aالمناظرة الأولى : _bأول لقاء يجمع بين النصاري والمسلمين / _cعلي الجوهري. |
| 250 | _aالطبعة الأولى. | ||
| 264 | 1 |
_aالقاهرة : _bمكتبة التراث الإسلامي، _c1993 |
|
| 300 |
_a150 صفحة ؛ _c24 سم |
||
| 336 |
_aنص _btxt _2rdacontent _3كتاب |
||
| 337 |
_aبدون وسيط _bn _2rdamedia |
||
| 338 |
_aمجلد _bnc _2rdacarrier |
||
| 590 | _aأسماء. | ||
| 650 | 7 |
_aالإسلام _xدفع مطاعن _2aucsh |
|
| 650 | 7 |
_aالدعوة الإسلامية _2aucsh |
|
| 942 |
_2ddc _cBOOK _n0 |
||
| 949 |
_aSA-JeALM _d241031 _umohamedma123 _n1 |
||
| 999 |
_c2475 _d2475 |
||